Agrovoltaika: příležitost nebo hrozba pro zemědělství a udržitelnost?

Článok popisuje rozvoj agrovoltiky z hľadiska ekonomických, politických, legislatívnych a geografických premenných a diskutuje agrovoltiku z hľadiska viacerých perspektív rôznych aktérov a ich záujmov. Vyhodnocuje agrovoltiku pomocou konceptu ESPECT –TODS, teda 6 pilierov trvalého udržateľného rozvo...

Celý popis

Uložené v:
Podrobná bibliografia
Hlavný autor: Vachuda, Jan
Médium: Kapitola
Jazyk:Czech
Predmet:
Tagy: Pridať tag
Žiadne tagy, Buďte prvý, kto otaguje tento záznam!

MARC

LEADER 00000naa a2200000 4500
001 0302940
005 20240703133222.6
041 0 |a cze 
044 |a CZ 
245 1 0 |a Agrovoltaika: příležitost nebo hrozba pro zemědělství a udržitelnost?  |c Jan Vachuda 
520 |a Článok popisuje rozvoj agrovoltiky z hľadiska ekonomických, politických, legislatívnych a geografických premenných a diskutuje agrovoltiku z hľadiska viacerých perspektív rôznych aktérov a ich záujmov. Vyhodnocuje agrovoltiku pomocou konceptu ESPECT –TODS, teda 6 pilierov trvalého udržateľného rozvoja a osí vyjadrujúce dominanciu a podriadenosť, temporalitu a priestorovosť. Téma je aktuálna vďaka zmenám v technológii, v energetickom mixe ČR i z hľadiska platnosti novej legislatívy a nutnosti jej výkladu (najmä výkladu verejného záujmu v oblasti fotovoltiky). Agrovoltika môže byť riešením zaistenia energie a zároveň poľnohospodárskej produkcie, ak bude používaná v súlade s ďalšími funkciami krajiny a vidieka. Cieľom je prehĺbenie poznania a vyváženosť diskurzov, aby boli naplnené ciele územného plánovanie z hľadiska harmonického využitia územia. 
610 2 0 |a poľnohospodárstvo 
610 2 0 |a vidiek 
610 2 0 |a rozvoj vidieka 
610 2 0 |a energia 
610 2 0 |a produkcia 
610 2 0 |a rozvoj trvalo udržateľný 
100 1 |a Vachuda, Jan